000 00447cam a2200181ua 4500
041 _aeng
_h
082 _a425
_bFRE/EN
100 _aFrence, F G .
245 _aEnglish composition without trouble /
_cF G Frence.
_hTextual Documents
250 _a2 /
_b.
260 _aLondon :
_bOxford University Press ,
_c1964.
300 _a130 ; .
504 _a
942 _cBK
999 _c4678
_d4678